Historia de la arquitectura

Enregistré dans:
Détails bibliographiques
Auteur principal: Moreux, Jean Charles (autor)
Format: Livre
Langue:espagnol
Publié: Buenos Aires, Argentina EUDEBA 1979
Édition:Segunda edición
Collection:Cuederno, 173
Sujets:
Tags: Ajouter un tag
Pas de tags, Soyez le premier à ajouter un tag!

MARC

LEADER 00000nam a2200000 a 4500
001 UCP9838
003 CL-VaPUC
005 20240702171047.0
008 000407e19790000AG |||||||||||||||||spa|d
999 |c 286620  |d 286618 
040 |c Pontificia Universidad Católica de Valparaíso 
082 0 4 |a 720.9 MOR 1979  |2 21 
100 |a Moreux, Jean Charles  |e autor  |9 440708 
245 1 0 |a Historia de la arquitectura 
250 |a Segunda edición 
260 |a Buenos Aires, Argentina  |b EUDEBA  |c 1979 
300 |a 134 páginas 
490 0 |a Cuederno,  |v  173 
583 |a last modification  |c 20000407 00:00:00  |k Rodrigo Vera 
650 0 |a Arquitectura  |9 804558 
650 0 |a Arquitectura griega   |9 314421 
650 0 |a Arquitectura romana  |9 314422 
650 0 |a Arquitectura bizantina   |9 344695 
650 0 |a Arquitectura románica  |9 265529 
650 0 |a Arquitectura gótica  |9 265519 
650 0 |a Arquitectura renacentista   |9 265337 
650 0 |a Arquitectura contemporánea  |9 367350 
942 |c BK  |2 ddc 
945 |d 20000407 00:00:00  |a crobeson 
952 |0 0  |1 0  |2 ddc  |4 0  |6 720_900000000000000_MOR_1979  |7 0  |8 A  |9 332656  |a BIBHIS  |b BIBHIS  |d 2019-11-20  |i 1398547  |l 1  |o 720.9 MOR 1979  |p 1398547  |r 2025-01-20  |s 2023-05-09  |t 1  |w 2019-11-20  |y BK  |k HIS